Online katalóg knižníc regiónu Turca

Encyklopédia predškoláka (Record no. 21457)

MARC details
000 -LEADER
fixed length control field 01580nam a2200469 a 4500
001 - CONTROL NUMBER
control field 21457
003 - CONTROL NUMBER IDENTIFIER
control field VRT
005 - DATE AND TIME OF LATEST TRANSACTION
control field 20260302124255.0
008 - FIXED-LENGTH DATA ELEMENTS--GENERAL INFORMATION
fixed length control field 140226s2013 xo al e 000 0 slo c
020 ## - INTERNATIONAL STANDARD BOOK NUMBER
International Standard Book Number 9788081077678 (viaz.)
039 #9 - LEVEL OF BIBLIOGRAPHIC CONTROL AND CODING DETAIL [OBSOLETE]
Level of rules in bibliographic description 201612281512
Level of effort used to assign nonsubject heading access points mbpksh04
Level of effort used to assign subject headings 201611161418
Level of effort used to assign classification mbjkdg02
Level of effort used to assign subject headings 201605241401
Level of effort used to assign classification cttkjf01
Level of effort used to assign subject headings 201604131100
Level of effort used to assign classification mpppk02
040 ## - CATALOGING SOURCE
Original cataloging agency HEVK
Language of cataloging slo
Transcribing agency HEVK
Description conventions AACR2
041 0# - LANGUAGE CODE
Language code of text/sound track or separate title slo
Language code of original rus
044 ## - COUNTRY OF PUBLISHING/PRODUCING ENTITY CODE
MARC country code xo
ISO country code SK
072 #7 - SUBJECT CATEGORY CODE
Subject category code 373.2/.3
Subject category code subdivision Predškolská a primárna výchova a vzdelávanie
Source konspekt
072 #7 - SUBJECT CATEGORY CODE
Subject category code 0/9-053.2
Subject category code subdivision Literatúra pre deti a mládež (náučná)
Source konspekt
080 ## - UNIVERSAL DECIMAL CLASSIFICATION NUMBER
Universal Decimal Classification number 316.346.32-053.4
Edition identifier 2001
080 ## - UNIVERSAL DECIMAL CLASSIFICATION NUMBER
Universal Decimal Classification number 373.2/.3
Edition identifier 2001
080 ## - UNIVERSAL DECIMAL CLASSIFICATION NUMBER
Universal Decimal Classification number 159.955
Edition identifier 2001
080 ## - UNIVERSAL DECIMAL CLASSIFICATION NUMBER
Universal Decimal Classification number (031)
Edition identifier 2001
080 ## - UNIVERSAL DECIMAL CLASSIFICATION NUMBER
Universal Decimal Classification number (0.053.2)
Edition identifier 2001
080 ## - UNIVERSAL DECIMAL CLASSIFICATION NUMBER
Universal Decimal Classification number (076.1)
Edition identifier 2001
240 00 - UNIFORM TITLE
Uniform title Enciklopedija podgotovki k škole
Language of a work Slovensky
245 00 - TITLE STATEMENT
Title Encyklopédia predškoláka
Remainder of title všetko, čo potrebujem vedieť, kým pôjdem do školy
Statement of responsibility, etc. [z ruského vydania preložila Renata Javorská]
250 ## - EDITION STATEMENT
Edition statement 2. slov. vyd.
260 ## - PUBLICATION, DISTRIBUTION, ETC.
Place of publication, distribution, etc. Bratislava
Name of publisher, distributor, etc. Svojtka
Date of publication, distribution, etc. 2016
300 ## - PHYSICAL DESCRIPTION
Extent 288 s.
Other physical details fareb. ilustr.
Dimensions 28 cm
650 07 - SUBJECT ADDED ENTRY--TOPICAL TERM
Topical term or geographic name entry element deti predškolského veku
Source of heading or term SNKPH
650 07 - SUBJECT ADDED ENTRY--TOPICAL TERM
Topical term or geographic name entry element predškolská výchova
Source of heading or term SNKPH
650 07 - SUBJECT ADDED ENTRY--TOPICAL TERM
Topical term or geographic name entry element rozvoj myslenia
Source of heading or term SNKPH
655 #7 - INDEX TERM--GENRE/FORM
Genre/form data or focus term encyklopédie
Source of term SNKPH
655 #7 - INDEX TERM--GENRE/FORM
Genre/form data or focus term publikácie pre deti
Source of term SNKPH
655 #7 - INDEX TERM--GENRE/FORM
Genre/form data or focus term pracovné zošity
Source of term SNKPH
700 1# - ADDED ENTRY--PERSONAL NAME
Personal name Javorská, Renata
Relationship trl
910 ## - USER-OPTION DATA (OCLC)
User-option data hevk
910 ## - USER-OPTION DATA (OCLC)
User-option data skpk
910 ## - USER-OPTION DATA (OCLC)
User-option data pppk
910 ## - USER-OPTION DATA (OCLC)
User-option data bjkdg
910 ## - USER-OPTION DATA (OCLC)
User-option data bpksh
942 ## - ADDED ENTRY ELEMENTS (KOHA)
Source of classification or shelving scheme Dewey Decimal Classification
Koha item type Odborná literatúra pre deti
Suppress in OPAC No
949 ## - LOCAL PROCESSING INFORMATION (OCLC)
6 3869A18333
a bpksh316.346.32
b bpksh68829
Holdings
Stav vyradenia Strata Poškodenie Spôsob nadobudnutia Domovská knižnica Aktuálna knižnica Dátum nadobudnutia Total checkouts Čiarový kód exemplára Date last seen Typ exemplára
      Dar Obecná knižnica Turčianska Štiavnička Obecná knižnica Turčianska Štiavnička 02.03.2026   4738000154 02.03.2026 Odborná literatúra pre deti
Projekt je podporený Slovenskou asociáciou knižníc
Prevádzkuje Turčianska knižnica Martin 2026